00877 2200313 4500001002100000005001500021035002000036007000300056040001700059100003500076245007500111250001200186300003600198020002200234041000800256082001000264084001600274090002300290264004000313336002100353337003000374338002300404650001900427850001000446008004100456990002200497990002200519990002200541INLIS00000000000706920260603022808 a0010-0822000043ta aSBPUPADbind0 aTim Kreatif RainbowePengarang1 aSerunya Mengenal Angka /cTim Kreatif Rainbow ; editor, Brigitta Pasca a.-cet.1 aiv, 36 hlm. :bilus. ;c20x28cm a978-623-7230-89-20 aind a372.2 a372.2 TIM s a372.2 TIM s L12-10 a.--Yogyakarta :bAndi Offset,c2020 2rdacontentateks 2rdamediaatanpa perantara 2rdacarrieravolume 4aMengenal Angka aPUPAD260603 1  a36.229/B/DPK/2022 a36.330/B/DPK/2022 a36.228/B/DPK/2022